Представление документа в формате RUSMARC

ПолеНазваниеЗначение
  Тип записи a
  Библиографический уровень c
001 Контрольный номер RU/SLIB/B/208708469
005 Дата корректировки 20201206203900.1
010 Индекс ISBN __
d Цена 24-00; 0-49
101 Язык документа __
a Язык текста rus
c Язык оригинала rus
200 Заглавие и сведения об ответственности 1_
a Заглавие Открытие века
e Сведения, относящиеся к заглавию повести о делах и людях партии
f Первые сведения об ответственности Г. И. Свиридов
b Общее обозначение материала Текст
210 Выходные данные __
a Место издания М.
c Издательство Политиздат
d Дата издания 1974
215 Физическое описание __
a Объем 352 с.
330 Аннотация __
a Аннотация Открытием века называют освоение гигантских месторождений нефти и газа в Западной Сибири. Геологам-разведчикам, первооткрывателям этих богатств, и посвящает свою книгу известный писатель Г. Свирилов.
600 Персоналии __
a Персоналии (Фамилия) Далманов, Ф.
600 Персоналии __
a Персоналии (Фамилия) Эревьен, Ю.
600 Персоналии __
a Персоналии (Фамилия) Киселев, Л.
600 Персоналии __
a Персоналии (Фамилия) Ровнин, Л.
606 Тематические рубрики __
a Основная рубрика Экономика
606 Тематические рубрики __
a Основная рубрика Экономика топливной промышленности
606 Тематические рубрики __
a Основная рубрика Художественная литература
606 Тематические рубрики __
a Основная рубрика Русская литература XX в. (произведения)
610 Ключевые слова __
a Ключевые слова газовая промышленность; нефтяная промышленность; проза; геологи
686 Индексы других классификаций __
2 Код системы rubbks
a Классификационный индекс К65.305.143(2Рос-4Тюм)
686 Индексы других классификаций __
a Классификационный индекс 84(2Рос=Рус)6-4
700 Автор _1
a Фамилия Свиридов
b Имя Г. И.
4 Код отношения 070
801 Источник записи _0
a Страна RU
b Организация Муниципальное бюджетное учреждение культуры "Централизованная библиотечная система" г. Сургут (Центральная городская библиотека им. А. С. Пушкина)
g Правила каталогизации КиК/Поспелова; ОБ/Бутенко
801 Источник записи _1
a Страна RU
b Организация Муниципальное бюджетное учреждение культуры "Централизованная библиотечная система" г. Сургут (Центральная городская библиотека им. А. С. Пушкина)
g Правила каталогизации КиК/Поспелова; ОБ/Бутенко
852 Данные о местонахождении __
j Шифр хранения К65.305.143(2Рос-4Тюм)
c Каталожный индекс К65.304.13(2Рос-4Тюм); 84(2Рос=Рус)6-4
i Авторский знак С 24
p Инвентарный номер 03110013; 67527
901 Тип документа __
t Тип документа x
903 Характеристики (МАРС) __
a Дата передачи 20031030; 19980316
969 Тип издания __
a Тип издания сборник
990 Данные о заказе (DOS) 00
j Количество экземпляров (DOS) 1; 2
t N записи в КСУ для И/У (DOS) 200311